banner-ar

الثواب والعقاب فى تربية الاطفال / (Record no. 44714)

MARC details
000 -الفاتح
حقل البيانات ثابتة الطول 00546nam a2200193Ia 4500
008 - عناصر البيانات ثابتة الطول - معلومات عامة
حقل البيانات ثابتة الطول 140319s9999 xx 000 0 ara d
040 ## - مصدر الفهرسة
وكالة الفهرسة الأصلية GCL /
وكالة النسخ GCL
082 04 - رقم تصنيف ديوى العشرى
رقم التصنيف 370.1934
رقم المادة ل ث
100 1# - المدخل الرئيسى - إسم شخصى
الإسم الشخصى ليف غوردين
245 10 - بيان العنوان
العنوان الثواب والعقاب فى تربية الاطفال /
بيان المسئوليه,etc ليف غوردين
700 1# - المدخل الاضافى - اسم شخصى
الإسم الشخصى غسان نصر (مترجم)
300 ## - الوصف المادى
التعداد 165 ص
490 ## - بيان السلسلة
عنوان السلسلة
650 04 - المدخل الاضافى بالموضوع-مصطلح موضوعى
مصطلح موضوعي علم النفس
650 04 - المدخل الاضافى بالموضوع-مصطلح موضوعى
مصطلح موضوعي تربية الاطفال
650 04 - المدخل الاضافى بالموضوع-مصطلح موضوعى
مصطلح موضوعي الضبط التربوى
942 ## - عناصر المدخل الإضافي( كوها)
مصدر التصنيف او مخطط الترفيف Dewey Decimal Classification
Koha [default] item type كتاب
Holdings
حالة التراجع حالة الفقد حالة تلف ليس للاعارة المكان المؤقت الموقع الحالى تاريخ الاكتساب اجمالي اﻻعارات رقم الطلب الباركود تاريخ اخر مشاهدة تاريخ تفعيل السعر نوع وعاء كوها
        مكتبة القاهرة الكبرى مكتبة القاهرة الكبرى 03/26/2014   370.1934\ل ث 109176 03/26/2014 03/26/2014 كتاب
        مكتبة القاهرة الكبرى مكتبة القاهرة الكبرى 03/26/2014   370.1934\ل ث 109177 03/26/2014 03/26/2014 كتاب
        مكتبة القاهرة الكبرى مكتبة القاهرة الكبرى 03/26/2014   370.1934\ل ث 109178 03/26/2014 03/26/2014 كتاب

Powered By

EGPV